[Event "4NCL Division 2a"]
[Site "Telford, ENG"]
[Date "2017.11.12"]
[Round "2.42"]
[White "Coleman, David J"]
[Black "Birtwistle, Nigel"]
[Result "1/2-1/2"]
[WhiteElo "2093"]
[BlackElo "2155"]
[PlyCount "39"]
[EventDate "2017.11.12"]
[WhiteTeam "Barbican Youth"]
[BlackTeam "Grantham Sharks 2"]

1. e4 c5 2. Nf3 g6 3. d4 cxd4 4. Nxd4 Bg7 5. Nc3 Nc6 6. Be3 Nf6 7. Bc4 O-O 8.
Bb3 d5 9. exd5 Na5 10. Nde2 a6 11. Qd2 b5 12. Rd1 Bb7 13. a3 Nxb3 14. cxb3 Qd7
15. O-O Rfd8 16. Bb6 Re8 17. f3 Rac8 18. Ng3 e6 19. Bd4 Bxd5 20. Nxd5 1/2-1/2

[Event "4NCL Division 2a"]
[Site "Telford, ENG"]
[Date "2017.11.12"]
[Round "2.44"]
[White "Makepeace, Philip J"]
[Black "Purton, Ben J"]
[Result "1/2-1/2"]
[WhiteElo "2096"]
[BlackElo "2109"]
[PlyCount "20"]
[EventDate "2017.11.12"]
[WhiteTeam "Barbican Youth"]
[BlackTeam "Grantham Sharks 2"]

1. c4 Nf6 2. Nc3 d5 3. cxd5 Nxd5 4. g3 g6 5. Bg2 c6 6. Nxd5 cxd5 7. Qb3 e6 8.
Qc3 Rg8 9. Nf3 Nc6 10. O-O Bg7 1/2-1/2

[Event "4NCL Division 2a"]
[Site "Telford, ENG"]
[Date "2017.11.12"]
[Round "2.45"]
[White "Munshi, Aditya"]
[Black "Hughes, Roy"]
[Result "1/2-1/2"]
[WhiteElo "2056"]
[BlackElo "2029"]
[PlyCount "65"]
[EventDate "2017.11.12"]
[WhiteTeam "Grantham Sharks 2"]
[BlackTeam "Barbican Youth"]

1. e4 d5 2. exd5 Qxd5 3. Nc3 Qd6 4. d4 Nf6 5. Nf3 c6 6. h3 Bf5 7. Nh4 Bg6 8.
Nxg6 hxg6 9. g3 e6 10. Bg2 Nbd7 11. O-O Be7 12. b3 Nb6 13. Bb2 Qc7 14. Qe2 Rd8
15. Rad1 O-O 16. Nb1 Rfe8 17. Nd2 a5 18. a4 Bb4 19. c3 Bf8 20. c4 Bb4 21. Nf3
Nbd7 22. Rd3 c5 23. Rfd1 cxd4 24. Nxd4 Nc5 25. Nb5 Qe7 26. Re3 Rxd1+ 27. Qxd1
Rd8 28. Qa1 Rd7 29. Bd4 Qd8 30. Qb2 Ne8 31. Kh2 Nf6 32. Rf3 Ne8 33. Bf1 1/2-1/2

[Event "4NCL Division 2a"]
[Site "Telford, ENG"]
[Date "2017.11.12"]
[Round "2.46"]
[White "French, Max"]
[Black "Head, Louise"]
[Result "0-1"]
[WhiteElo "2050"]
[BlackElo "2106"]
[PlyCount "104"]
[EventDate "2017.11.12"]
[WhiteTeam "Barbican Youth"]
[BlackTeam "Grantham Sharks 2"]

1. d4 d5 2. c4 dxc4 3. e3 e5 4. Bxc4 exd4 5. exd4 Bd6 6. Nf3 Nf6 7. O-O O-O 8.
Nc3 Nc6 9. Bg5 h6 10. Bxf6 Qxf6 11. Ne4 Qf4 12. Nxd6 Qxd6 13. h3 Bf5 14. Bd3
Be6 15. Be4 Rad8 16. Qa4 Bd5 17. Bxd5 Qxd5 18. Rfe1 Nxd4 19. Nxd4 Qxd4 20. Qxd4
Rxd4 21. Re7 Rc8 22. Rc1 Rd2 23. b4 Rxa2 24. Rd1 Ra6 25. Rdd7 Rf6 26. b5 Kf8
27. Rxc7 Rxc7 28. Rxc7 Rb6 29. Rc8+ Ke7 30. Ra8 Rxb5 31. Rxa7 Rb1+ 32. Kh2 Kd6
33. g3 Kc6 34. Ra8 Re1 35. Rc8+ Kd6 36. Rb8 Re7 37. Kg2 Kc5 38. Kf3 b5 39. Rc8+
Kd4 40. Rb8 Kc4 41. Rc8+ Kb3 42. Rb8 b4 43. Kf4 Kc3 44. Rc8+ Kb2 45. Rb8 b3 46.
g4 Kc2 47. Rc8+ Kb1 48. g5 hxg5+ 49. Kxg5 b2 50. h4 Rb7 51. h5 Ka2 52. Ra8+ Kb3
0-1

[Event "4NCL Division 2a"]
[Site "Telford, ENG"]
[Date "2017.11.12"]
[Round "2.47"]
[White "Kafka, Graeme"]
[Black "Crocker, Philip J"]
[Result "1/2-1/2"]
[WhiteElo "2074"]
[BlackElo "2084"]
[PlyCount "34"]
[EventDate "2017.11.12"]
[WhiteTeam "Grantham Sharks 2"]
[BlackTeam "Barbican Youth"]

1. e4 Nf6 2. e5 Nd5 3. d4 d6 4. Nf3 Bg4 5. Be2 c6 6. exd6 exd6 7. O-O Be7 8. c4
Nb6 9. Qc2 O-O 10. b3 a5 11. Ng5 Bxg5 12. Bxg4 Bf6 13. Bb2 a4 14. Nd2 a3 15.
Bc3 d5 16. c5 N6d7 17. Nf3 Na6 1/2-1/2

[Event "4NCL Division 2a"]
[Site "Telford, ENG"]
[Date "2017.11.12"]
[Round "2.48"]
[White "Varney, Daniel"]
[Black "McLaverty, Claire E"]
[Result "1/2-1/2"]
[WhiteElo "1990"]
[BlackElo "1864"]
[PlyCount "63"]
[EventDate "2017.11.12"]
[WhiteTeam "Barbican Youth"]
[BlackTeam "Grantham Sharks 2"]

1. e4 d5 2. exd5 Qxd5 3. Nc3 Qd8 4. d4 c6 5. h3 Nf6 6. Nf3 Bf5 7. Bd3 Bxd3 8.
Qxd3 e6 9. a3 Bd6 10. Bg5 h6 11. Bxf6 Qxf6 12. Ne4 Qe7 13. Nxd6+ Qxd6 14. O-O-O
Qf4+ 15. Kb1 Nd7 16. g3 Qf6 17. Ne5 O-O-O 18. Qe3 Kb8 19. Ng4 Qf5 20. f4 h5 21.
Nf2 Nb6 22. Qe5+ Qxe5 23. dxe5 h4 24. Rxd8+ Rxd8 25. gxh4 Rh8 26. Rg1 g6 27.
Rg4 Nd5 28. Nd1 Rh5 29. c4 Ne7 30. Ne3 Nf5 31. Nxf5 exf5 32. Rg5 1/2-1/2

[Event "4NCL Division 2a"]
[Site "Solihull, ENG"]
[Date "2018.01.13"]
[Round "3.43"]
[White "Kwiatkowski, Feliks J"]
[Black "Gayson, Peter M"]
[Result "1/2-1/2"]
[WhiteElo "2219"]
[BlackElo "2150"]
[PlyCount "156"]
[EventDate "2018.01.13"]
[WhiteTeam "Kings Head"]
[BlackTeam "White Rose 2"]

1. e4 c5 2. Nf3 e6 3. d4 cxd4 4. Nxd4 Nf6 5. Nc3 Nc6 6. Ndb5 Bb4 7. a3 Bxc3+ 8.
Nxc3 d5 9. exd5 exd5 10. Bd3 O-O 11. O-O d4 12. Ne2 Bg4 13. f3 Bh5 14. Bg5 Qd6
15. Qd2 Rfe8 16. Bh4 Rad8 17. Bf2 a6 18. Rad1 Re7 19. b4 Kh8 20. Qc1 Qc7 21.
Qa1 Red7 22. Rd2 Qe5 23. Ng3 Bg6 24. Re2 Qd5 25. Rfe1 Bxd3 26. cxd3 h6 27. Qb2
Qg5 28. Ne4 Nxe4 29. Rxe4 Qb5 30. Qe2 Qd5 31. Qc2 Kh7 32. Kf1 Qd6 33. Bg3 Qd5
34. Bf2 Qd6 35. Kg1 Qd5 36. R1e2 Rc8 37. Qb2 Rcd8 38. Rc2 f5 39. Ree2 Qf7 40.
Qa2 Qxa2 41. Rxa2 Rd5 42. Rac2 Kg6 43. f4 Kf7 44. Kf1 Re8 45. h3 Rxe2 46. Kxe2
h5 47. Kf3 g6 48. Rc4 Ke6 49. Kg3 a5 50. Be1 axb4 51. Bxb4 Kd7 52. Kh4 Nd8 53.
Kg3 Ne6 54. Kf3 Rb5 55. Kg3 Rd5 56. Kf3 Rb5 57. a4 Rb6 58. g3 Ra6 59. Be1 Rb6
60. Bb4 Ra6 61. Be1 Rb6 62. Bb4 Ra6 63. a5 Rc6 64. Kf2 h4 65. Kf3 hxg3 66. Kxg3
Rxc4 67. dxc4 Kc6 68. Kf3 Nc5 69. Ke2 Ne4 70. Kd3 Nf2+ 71. Kxd4 Nxh3 72. Ke5 g5
73. fxg5 Nxg5 74. Kxf5 Nf3 75. Ke6 Nd4+ 76. Ke5 Nb3 77. Ke4 Nxa5 78. Bxa5 b5
1/2-1/2

[Event "4NCL Division 2b"]
[Site "Telford, ENG"]
[Date "2017.11.12"]
[Round "2.51"]
[White "Polaczek, Richard"]
[Black "Walker, David J"]
[Result "1-0"]
[WhiteElo "2398"]
[BlackElo "2284"]
[PlyCount "89"]
[EventDate "2017.11.12"]
[WhiteTeam "Manchester Manticores 1"]
[BlackTeam "North East England"]

1. e4 e6 2. d4 d5 3. Nd2 Be7 4. e5 c5 5. Qg4 Kf8 6. dxc5 Nd7 7. Ngf3 h5 8. Qd4
Nh6 9. Bd3 Nxc5 10. Nb3 Nxd3+ 11. cxd3 Bd7 12. O-O g5 13. Qe3 Nf5 14. Qe2 Ba4
15. Nfd4 Bxb3 16. Nxf5 exf5 17. axb3 Qd7 18. Qf3 h4 19. Ra5 Rd8 20. Rxa7 f4 21.
d4 Rh6 22. Bd2 Kg7 23. Rc1 Rc6 24. Raa1 Rdc8 25. Rxc6 bxc6 26. h3 Rb8 27. b4
Rb7 28. Ra6 Ra7 29. Ra5 Bd8 30. Qh5 Rb7 31. Bc3 Qe7 32. Ra6 Qd7 33. Kh2 Rb8 34.
Qd1 Be7 35. Qa4 f3 36. Qxc6 Qxc6 37. Rxc6 Bxb4 38. gxf3 Be7 39. Rc7 Kf8 40. Rd7
Rb5 41. Kg2 Ke8 42. Ra7 f6 43. f4 gxf4 44. exf6 Bxf6 45. Kf3 1-0

[Event "4NCL Division 2b"]
[Site "Telford, ENG"]
[Date "2017.11.12"]
[Round "2.52"]
[White "Wall, Tim P"]
[Black "Macklin, Paul"]
[Result "0-1"]
[WhiteElo "2237"]
[BlackElo "2365"]
[PlyCount "82"]
[EventDate "2017.11.12"]
[WhiteTeam "North East England"]
[BlackTeam "Manchester Manticores 1"]

1. b3 d5 2. Bb2 Bg4 3. f3 Bf5 4. e3 c5 5. f4 a6 6. Nf3 Nc6 7. Be2 Nf6 8. Ne5
Nxe5 9. fxe5 Nd7 10. O-O e6 11. Bg4 Bg6 12. Qf3 Qc7 13. Qf4 Be7 14. d3 O-O 15.
Nd2 Qc6 16. Qg3 c4 17. bxc4 dxc4 18. Nxc4 Rac8 19. Rf2 Qa4 20. Bd4 Rxc4 21.
dxc4 Qxc4 22. Qf3 Nc5 23. Qe2 Qa4 24. Rf4 Qa3 25. Bh5 Bg5 26. Bxg6 Bxf4 27.
Bxh7+ Kxh7 28. exf4 Rc8 29. c3 Kg8 30. Rf1 Na4 31. Qf3 Nxc3 32. Qxb7 Ne2+ 33.
Kh1 Qc1 34. Bg1 Qxf1 35. Qxc8+ Kh7 36. Qc2+ Kh6 37. Qc5 Nxf4 38. Qc6 Ne2 39.
Qc5 Qxg1+ 40. Qxg1 Nxg1 41. Kxg1 Kg5 0-1

[Event "4NCL Division 2b"]
[Site "Telford, ENG"]
[Date "2017.11.12"]
[Round "2.53"]
[White "Jaunooby, Ali R"]
[Black "Dunn, Andrew"]
[Result "1/2-1/2"]
[WhiteElo "2200"]
[BlackElo "2237"]
[PlyCount "131"]
[EventDate "2017.11.12"]
[WhiteTeam "Manchester Manticores 1"]
[BlackTeam "North East England"]

1. d4 d5 2. c4 e6 3. Nc3 Be7 4. Bf4 Nf6 5. e3 O-O 6. c5 b6 7. b4 a5 8. a3 axb4
9. axb4 Rxa1 10. Qxa1 bxc5 11. bxc5 Nh5 12. Be5 Nc6 13. Be2 Nf6 14. Bg3 Ne4 15.
Nxe4 dxe4 16. Qa4 Bb7 17. Bb5 Qd5 18. Bc4 Qd7 19. Ne2 Ra8 20. Qd1 Na5 21. Ba2
Bd5 22. Qb1 Nc4 23. Nc3 Na3 24. Qb2 c6 25. O-O Nc4 26. Bxc4 Bxc4 27. Ra1 Rxa1+
28. Qxa1 f5 29. Qa8+ Kf7 30. Na4 Qd8 31. Qxc6 Qa5 32. h3 Bb5 33. Qb7 Qxa4 34.
d5 Qd1+ 35. Kh2 Qxd5 36. Qxb5 Qxc5 37. Qd7 Qd5 38. Qc7 Qd8 39. Qc6 Qe8 40. Qb7
Qd8 41. Qc6 g5 42. Be5 Qd5 43. Qc7 Qd8 44. Qc6 Qa5 45. Bc7 Qd5 46. Qb6 Qd7 47.
Bb8 Bd8 48. Qc5 Be7 49. Qb6 h5 50. Be5 Bf6 51. Bxf6 Kxf6 52. Qb2+ Kg6 53. Qe5
h4 54. Qb8 Qf7 55. Qh8 Qf6 56. Qg8+ Kh6 57. Kg1 Qa1+ 58. Kh2 Qe5+ 59. Kg1 Qf6
60. Kh2 f4 61. exf4 gxf4 62. Qa8 e3 63. fxe3 fxe3 64. Qe4 Qf2 65. Qxe6+ Kg5 66.
Qe5+ 1/2-1/2

[Event "4NCL Division 2b"]
[Site "Telford, ENG"]
[Date "2017.11.12"]
[Round "2.54"]
[White "Coathup, Roger H"]
[Black "Lentzos, Ioanis"]
[Result "1/2-1/2"]
[WhiteElo "2177"]
[BlackElo "2140"]
[PlyCount "72"]
[EventDate "2017.11.12"]
[WhiteTeam "North East England"]
[BlackTeam "Manchester Manticores 1"]

1. c4 f5 2. d4 Nf6 3. Nc3 d6 4. e3 g6 5. Bd3 Bg7 6. Nge2 O-O 7. O-O e5 8. f3
Nc6 9. d5 Nb4 10. Bb1 a5 11. a3 Na6 12. Bc2 c5 13. Rb1 Nc7 14. Ba4 Nd7 15. Bb5
Qe7 16. Qc2 Nf6 17. Bd2 f4 18. Rbe1 fxe3 19. Bxe3 Nxb5 20. Nxb5 Bd7 21. Nec3
Nh5 22. Qd2 Rae8 23. a4 b6 24. Bg5 Bf6 25. Ne4 Bxg5 26. Qxg5 Qxg5 27. Nxg5 Bxb5
28. axb5 h6 29. Ne4 Rd8 30. g3 Ng7 31. g4 Rf4 32. Kg2 Ne8 33. Re3 Nf6 34. Rc1
Nxe4 35. Rxe4 Rdf8 36. Rxf4 Rxf4 1/2-1/2

[Event "4NCL Division 2b"]
[Site "Telford, ENG"]
[Date "2017.11.12"]
[Round "2.56"]
[White "Henderson, David"]
[Black "Mazek, Marek"]
[Result "1-0"]
[WhiteElo "2132"]
[BlackElo "2110"]
[PlyCount "68"]
[EventDate "2017.11.12"]
[WhiteTeam "North East England"]
[BlackTeam "Manchester Manticores 1"]

1. e4 d6 2. d4 Nf6 3. Bd3 e5 4. c3 Be7 5. Ne2 c6 6. O-O O-O 7. h3 d5 8. dxe5
Nxe4 9. Be3 Qc7 10. f4 f5 11. c4 Bc5 12. Bxc5 Nxc5 13. cxd5 Qb6 14. Kh2 cxd5
15. Nbc3 Nc6 16. Bc2 Be6 17. Nd4 Nxd4 18. Qxd4 Qxb2 19. Qxc5 Qxc2 20. Rac1 Qd3
21. Qd6 Qa6 22. Qxa6 bxa6 23. Ne2 d4 24. Nxd4 Bxa2 25. Rf2 Bd5 26. Rc5 Rad8 27.
g4 g6 28. gxf5 gxf5 29. Nc6 Be4 30. Nxd8 Rxd8 31. Rc7 h5 32. Kg3 Rd3+ 33. Kh4
Kh8 34. Rb2 Bd5 1-0

[Event "4NCL Division 2b"]
[Site "Telford, ENG"]
[Date "2017.11.12"]
[Round "2.57"]
[White "Kay, Lee P"]
[Black "Turner, Max N"]
[Result "0-1"]
[WhiteElo "2087"]
[BlackElo "2177"]
[PlyCount "76"]
[EventDate "2017.11.12"]
[WhiteTeam "Manchester Manticores 1"]
[BlackTeam "North East England"]

1. d4 d5 2. Bg5 Nf6 3. Bxf6 exf6 4. e3 Bf5 5. g3 c6 6. a3 Qb6 7. Ra2 Nd7 8. Bg2
Bd6 9. Ne2 O-O 10. O-O a5 11. Nd2 Qa6 12. Re1 Rfe8 13. Ra1 b5 14. b3 Nb6 15.
Bf1 Qb7 16. Nf4 b4 17. a4 Rac8 18. Rc1 c5 19. Bb5 Re7 20. Nd3 Bd7 21. dxc5 Bxc5
22. Nxc5 Rxc5 23. Bd3 g6 24. e4 Bc6 25. exd5 Bxd5 26. Rxe7 Qxe7 27. Qf1 f5 28.
Re1 Qf6 29. Qe2 Bb7 30. Qe3 Rc8 31. f3 Nd5 32. Qe5 Qb6+ 33. Kg2 Qc6 34. Nc4 Nf6
35. Rf1 Ng4 36. Qf4 Qc5 37. h3 Nf6 38. Nd6 Nd5 0-1

[Event "4NCL Division 2b"]
[Site "Telford, ENG"]
[Date "2017.11.12"]
[Round "2.58"]
[White "Dargan, Paul A G"]
[Black "Peacock, Malcolm R"]
[Result "1-0"]
[WhiteElo "2162"]
[BlackElo "2117"]
[PlyCount "135"]
[EventDate "2017.11.12"]
[WhiteTeam "North East England"]
[BlackTeam "Manchester Manticores 1"]

1. e4 e6 2. d4 d5 3. Nd2 Nf6 4. e5 Nfd7 5. c3 c5 6. Bd3 Nc6 7. Ne2 cxd4 8. cxd4
f6 9. exf6 Nxf6 10. Nf3 Bd6 11. O-O O-O 12. Bf4 Nh5 13. Bxd6 Qxd6 14. Qd2 Bd7
15. Qe3 Nf4 16. Nxf4 Rxf4 17. g3 Rf6 18. Ne5 Be8 19. a3 Qd8 20. Ng4 Rf7 21.
Rad1 Qb6 22. Bb1 Re7 23. Qg5 Kh8 24. Qh4 h6 25. Ne5 Qd8 26. Qf4 Bh5 27. Rd2
Nxe5 28. Qxe5 Qe8 29. Re1 Bg6 30. Bxg6 Qxg6 31. Rde2 Rae8 32. Rc1 Qf6 33. f4
Qxe5 34. Rxe5 g6 35. Kf2 Kg7 36. h4 h5 37. Kf3 Kf6 38. Re3 Rd8 39. Rec3 Rdd7
40. Rc8 Rf7 41. Ra8 a6 42. Rac8 Rde7 43. b4 Rd7 44. a4 Ke7 45. Rg8 Kf6 46. Rgc8
Ke7 47. a5 Kd6 48. Rg8 Rc7 49. Rxc7 Rxc7 50. Rxg6 Rc4 51. f5 Rxd4 52. Rxe6+ Kd7
53. Rb6 Ke7 54. Rxb7+ Kf6 55. Rh7 Rxb4 56. Rxh5 Rb3+ 57. Kf4 Rb4+ 58. Ke3 Re4+
59. Kf3 Ra4 60. g4 Ra3+ 61. Kf2 Rxa5 62. Rh6+ Ke5 63. Re6+ Kf4 64. f6 Ra2+ 65.
Re2 Ra3 66. f7 Rf3+ 67. Kg2 Kxg4 68. Rf2 1-0

[Event "4NCL Division 2b"]
[Site "Telford, ENG"]
[Date "2017.11.12"]
[Round "2.61"]
[White "Jones, Steven A"]
[Black "Golding, Alex"]
[Result "1-0"]
[WhiteElo "2168"]
[BlackElo "2222"]
[PlyCount "53"]
[EventDate "2017.11.12"]
[WhiteTeam "West is Best 2"]
[BlackTeam "Guildford 3"]

1. e4 c5 2. Nf3 d6 3. d4 cxd4 4. Nxd4 Nf6 5. Nc3 a6 6. Be3 Ng4 7. Bg5 h6 8. Bh4
g5 9. Bg3 Bg7 10. h3 Ne5 11. Nf5 Bxf5 12. exf5 Nbc6 13. Nd5 e6 14. fxe6 fxe6
15. Ne3 O-O 16. Be2 Nd4 17. O-O Nxe2+ 18. Qxe2 Qf6 19. Rfe1 Rfe8 20. c3 Rad8
21. Rad1 Qg6 22. Bxe5 Bxe5 23. Nc4 Bf4 24. g3 b5 25. Na5 g4 26. hxg4 Bg5 27.
Nc6 1-0

[Event "4NCL Division 2b"]
[Site "Telford, ENG"]
[Date "2017.11.12"]
[Round "2.62"]
[White "Grieve, Harry"]
[Black "Morris, Charles F"]
[Result "1-0"]
[WhiteElo "2221"]
[BlackElo "2131"]
[PlyCount "85"]
[EventDate "2017.11.12"]
[WhiteTeam "Guildford 3"]
[BlackTeam "West is Best 2"]

1. e4 e6 2. d4 d5 3. exd5 exd5 4. Nf3 Bg4 5. h3 Bh5 6. Qe2+ Qe7 7. Be3 Nc6 8.
Nc3 O-O-O 9. g4 Bg6 10. O-O-O a6 11. Ne5 Qe8 12. Bg2 Nge7 13. Bf4 Nxe5 14. Qxe5
Qd7 15. Bh2 f6 16. Qg3 Bf7 17. Rhe1 Nc6 18. Nxd5 Bd6 19. Qxd6 Qxd6 20. Bxd6
Rxd6 21. Ne7+ Nxe7 22. Rxe7 Rf8 23. b3 Kd8 24. Rde1 b5 25. c3 a5 26. d5 Re8 27.
Rxe8+ Bxe8 28. c4 bxc4 29. bxc4 c5 30. Be4 g6 31. Kd2 Rb6 32. Rb1 Rxb1 33. Bxb1
Kc7 34. h4 h6 35. Ke3 Kd6 36. f4 Ke7 37. g5 hxg5 38. fxg5 fxg5 39. hxg5 Kd6 40.
Kf4 Bf7 41. Be4 Be8 42. Bc2 Bf7 43. Ba4 1-0

[Event "4NCL Division 2b"]
[Site "Telford, ENG"]
[Date "2017.11.12"]
[Round "2.63"]
[White "Bullen, Alex"]
[Black "Chavannes, Ivar"]
[Result "1-0"]
[WhiteElo "2148"]
[BlackElo "2111"]
[PlyCount "185"]
[EventDate "2017.11.12"]
[WhiteTeam "West is Best 2"]
[BlackTeam "Guildford 3"]

1. d4 Nf6 2. Nf3 e6 3. Bf4 c5 4. e3 Nc6 5. c3 d5 6. Nbd2 Bd6 7. Bg3 a6 8. Bd3
Qe7 9. Ne5 Bxe5 10. dxe5 Nd7 11. f4 h5 12. Nf3 h4 13. Bf2 b5 14. a3 Bb7 15. O-O
O-O-O 16. b4 g5 17. Nxg5 Ncxe5 18. a4 Nxd3 19. Qxd3 f6 20. axb5 c4 21. Qd4 axb5
22. Nf3 Rdg8 23. Bxh4 Qg7 24. Ra2 e5 25. Qa7 e4 26. Nd4 Rxh4 27. Nf5 Qf8 28.
Nxh4 f5 29. g3 Qf6 30. Kh1 Qxc3 31. Nxf5 Qxb4 32. Qa3 Qxa3 33. Rxa3 Kc7 34. Rb1
Kb6 35. Nd4 Bc6 36. Ra2 Rb8 37. Rab2 Kc5 38. Ne6+ Kd6 39. Nd4 Nc5 40. Nc2 Nd3
41. Ra2 b4 42. Ra6 Nc5 43. Ra5 b3 44. Nd4 Bd7 45. Ra3 c3 46. Nxb3 Nd3 47. Rba1
c2 48. Kg2 Ba4 49. Nc1 Rb1 50. Ne2 Bb5 51. Nc3 c1=Q 52. Rxb1 Ne1+ 53. Kh1 Qd2
54. Nxb5+ Ke7 55. Ra7+ Kf6 56. Ra6+ Kg7 57. Ra7+ Kh6 58. Ra6+ Kh5 59. g4+ Kxg4
60. Rg6+ Kf3 61. Rg1 Qd3 62. Nd4+ Kxe3 63. Rgxe1+ Kxf4 64. Rbd1 Qh3 65. Ne2+
Kg4 66. Rg1+ Kf5 67. Rxd5+ Kf6 68. Ng3 Ke6 69. Rf5 Kd7 70. Re1 Qg4 71. Rxe4
Qd1+ 72. Rf1 Qd3 73. Ref4 Qe3 74. Ne4 Kc6 75. Kg2 Kb5 76. h4 Kc6 77. Ng5 Kb6
78. R1f3 Qe2+ 79. Kh3 Qe5 80. Kg4 Qe1 81. Ne4 Qg1+ 82. Ng3 Qc1 83. h5 Qc8+ 84.
Rf5 Qg8+ 85. Kh4 Qd8+ 86. Rf6+ Kb5 87. R3f5+ Kb4 88. h6 Qe7 89. Ne4 Kb3 90. Ng5
Qe2 91. h7 Qh2+ 92. Kg4 Qe2+ 93. Rf3+ 1-0

[Event "4NCL Division 2b"]
[Site "Telford, ENG"]
[Date "2017.11.12"]
[Round "2.64"]
[White "Flear, Christine"]
[Black "Spencer, Douglas"]
[Result "1/2-1/2"]
[WhiteElo "2084"]
[BlackElo "2005"]
[PlyCount "59"]
[EventDate "2017.11.12"]
[WhiteTeam "Guildford 3"]
[BlackTeam "West is Best 2"]

1. d4 d5 2. c4 e6 3. Nc3 c6 4. cxd5 exd5 5. Qc2 Nf6 6. Bg5 Be7 7. e3 Nbd7 8.
Bd3 O-O 9. Nf3 Re8 10. O-O Nf8 11. Rae1 h6 12. Bf4 Ne6 13. Bg3 b6 14. Ne5 Bb7
15. Qa4 b5 16. Qb3 Nh5 17. Rd1 Bd6 18. f4 Nxg3 19. hxg3 Bxe5 20. fxe5 a6 21.
Bb1 Qg5 22. Ne2 Nf8 23. Rf5 Qe7 24. Rf3 Bc8 25. Rdf1 Bg4 26. R3f2 Bxe2 27. Rxe2
Rac8 28. e4 Ne6 29. Qd3 Ng5 30. Qe3 1/2-1/2

[Event "4NCL Division 2b"]
[Site "Telford, ENG"]
[Date "2017.11.12"]
[Round "2.65"]
[White "Taylor, William J"]
[Black "Punnett, Alan K"]
[Result "1-0"]
[WhiteElo "2035"]
[BlackElo "2064"]
[PlyCount "99"]
[EventDate "2017.11.12"]
[WhiteTeam "West is Best 2"]
[BlackTeam "Guildford 3"]

1. e4 e6 2. d4 d5 3. Nd2 Be7 4. c3 dxe4 5. Nxe4 Nf6 6. Nxf6+ Bxf6 7. Nf3 O-O 8.
Bd3 c5 9. dxc5 Qd5 10. Qc2 h6 11. Be3 Nd7 12. b4 Ne5 13. Be4 Nxf3+ 14. Bxf3 Qc4
15. Rc1 a5 16. Be2 Qd5 17. Bf3 Qc4 18. Qb3 Qxb3 19. axb3 axb4 20. cxb4 Rd8 21.
O-O Rd3 22. Rb1 Ra3 23. b5 Raxb3 24. c6 bxc6 25. Bxc6 Rdc3 26. Be4 Bd8 27. Ba7
f5 28. Bf3 Kf7 29. Rfd1 Ke7 30. b6 Rxf3 31. gxf3 Rxb1 32. Rxb1 Bb7 33. Bb8 Kd7
34. Rd1+ Kc8 35. Bc7 Bf6 36. f4 Bd5 37. Rc1 Kb7 38. Kf1 g6 39. Ke2 Bd4 40. Rg1
Bc4+ 41. Ke1 Bxb6 42. Bxb6 Kxb6 43. Rxg6 Kc5 44. f3 Kd4 45. Kf2 e5 46. fxe5
Kxe5 47. Rxh6 Bd5 48. Kg3 Bb3 49. Rb6 Bc2 50. h4 1-0

[Event "4NCL Division 2b"]
[Site "Telford, ENG"]
[Date "2017.11.12"]
[Round "2.66"]
[White "Shepley, Julien M"]
[Black "Davis, Lee"]
[Result "1-0"]
[WhiteElo "1974"]
[BlackElo "2061"]
[PlyCount "103"]
[EventDate "2017.11.12"]
[WhiteTeam "Guildford 3"]
[BlackTeam "West is Best 2"]

1. e4 g6 2. d4 d6 3. Nf3 Bg7 4. Bc4 Nf6 5. Qe2 d5 6. exd5 Nxd5 7. O-O O-O 8. c3
Bg4 9. Nbd2 Nc6 10. Bb3 e6 11. h3 Bxf3 12. Nxf3 h6 13. Re1 a6 14. a4 Kh7 15.
Bd2 Qd6 16. Ne5 Rae8 17. Bc2 Nxe5 18. dxe5 Qe7 19. Qe4 Rd8 20. Re2 Rd7 21. h4
Rfd8 22. h5 Qe8 23. hxg6+ fxg6 24. c4 Ne7 25. Bc3 c5 26. Ba5 Rd4 27. Qxb7 Rb8
28. Qxa6 Ra8 29. Qb5 Qxb5 30. axb5 Rxc4 31. b3 Rb4 32. Bxb4 Rxa1+ 33. Be1 Nd5
34. Kh2 Nb4 35. Bxb4 cxb4 36. f4 Bf8 37. b6 Ra8 38. Be4 Rb8 39. b7 Bc5 40. Rc2
Ba7 41. Rc7+ Kg8 42. Bxg6 Kf8 43. Kg3 Rd8 44. Rc8 Ke7 45. Be4 Kd7 46. Bc6+ Ke7
47. Kg4 Bb8 48. Kh5 Ba7 49. Kxh6 Bb8 50. Kg7 Bxe5+ 51. fxe5 Rxc8 52. bxc8=N+
1-0

[Event "4NCL Division 2b"]
[Site "Telford, ENG"]
[Date "2017.11.12"]
[Round "2.68"]
[White "Stimpson, Philip M"]
[Black "Howell, Oliver W"]
[Result "1-0"]
[WhiteElo "1926"]
[BlackElo "1907"]
[PlyCount "59"]
[EventDate "2017.11.12"]
[WhiteTeam "Guildford 3"]
[BlackTeam "West is Best 2"]

1. e4 e6 2. d4 d5 3. Bd3 c5 4. exd5 exd5 5. dxc5 Bxc5 6. Nf3 Nf6 7. Qe2+ Be6 8.
Nbd2 Nc6 9. Nb3 Bb6 10. Bg5 O-O 11. O-O-O d4 12. Be4 Nb4 13. Nfxd4 Nxa2+ 14.
Kb1 Nxe4 15. Bxd8 Nec3+ 16. bxc3 Nxc3+ 17. Kb2 Bxd4 18. Qh5 Nxd1+ 19. Kc1 Nxf2
20. Nxd4 Bg4 21. Qh4 Nxh1 22. Bf6 gxf6 23. Qxg4+ Kh8 24. Qf5 Kg7 25. Qg4+ Kh8
26. Qh4 Rg8 27. Qxf6+ Rg7 28. Nf5 Rag8 29. Nxg7 Rxg7 30. Qf1 1-0

[Event "4NCL Division 2b"]
[Site "Telford, ENG"]
[Date "2017.11.12"]
[Round "2.71"]
[White "Harakis, Alexis M"]
[Black "Pitcher, John"]
[Result "1/2-1/2"]
[WhiteElo "2284"]
[BlackElo "2228"]
[PlyCount "148"]
[EventDate "2017.11.12"]
[WhiteTeam "KJCA Kings"]
[BlackTeam "Warwickshire Select 1"]

1. d4 d5 2. Nf3 Nf6 3. Bf4 c5 4. e3 Nc6 5. c3 Qb6 6. Qb3 c4 7. Qxb6 axb6 8. Na3
Na7 9. Be2 e6 10. Nc2 Bd7 11. O-O Ne4 12. Ne5 Ba4 13. Rfc1 f6 14. Nf3 Kd7 15.
h4 Bxc2 16. Rxc2 Bd6 17. Bxd6 Nxd6 18. Nd2 b5 19. a3 Nc6 20. Re1 g6 21. Bf3 f5
22. g3 h6 23. Bg2 Rhg8 24. f3 g5 25. hxg5 Rxg5 26. Nf1 Rg7 27. e4 h5 28. exd5
exd5 29. Kf2 Rag8 30. Bh3 h4 31. gxh4 Rh8 32. Ne3 Rxh4 33. Bg2 Ne7 34. Rh1 Rxh1
35. Bxh1 Kc6 36. Re2 Ng6 37. Nc2 Nf4 38. Nb4+ Kd7 39. Re1 Nc8 40. Re5 Nd3+ 41.
Nxd3 cxd3 42. Re3 Nd6 43. Rxd3 Nc4 44. b3 Nxa3 45. f4 b4 46. Bxd5 bxc3 47. Rxc3
Nb5 48. Rc4 Nd6 49. Rc1 Rg4 50. Kf3 Rh4 51. Ke3 Rh3+ 52. Bf3 Rh2 53. Rh1 Rxh1
54. Bxh1 b6 55. Bd5 Ke7 56. Kd3 Ne8 57. Bc6 Nc7 58. Bb7 Kd6 59. Bc8 Nd5 60.
Bxf5 Nxf4+ 61. Kc4 Nd5 62. Be4 Nc7 63. Bb7 Ke6 64. d5+ Kd6 65. Bc6 Ke7 66. Kd4
Kd6 67. Kc4 Ke5 68. Bb7 Kd6 69. b4 Ne8 70. Bc6 Nc7 71. Kd4 Na6 72. Kc3 Nc7 73.
Kc4 b5+ 74. Kd4 Na6 1/2-1/2

[Event "4NCL Division 2b"]
[Site "Telford, ENG"]
[Date "2017.11.12"]
[Round "2.72"]
[White "Stepanyan, Henrik"]
[Black "Hand, Freddie"]
[Result "1/2-1/2"]
[WhiteElo "2282"]
[BlackElo "2192"]
[PlyCount "79"]
[EventDate "2017.11.12"]
[WhiteTeam "Warwickshire Select 1"]
[BlackTeam "KJCA Kings"]

1. d4 d5 2. Nf3 Nf6 3. c4 dxc4 4. g3 c6 5. Bg2 b5 6. Ne5 Bb7 7. O-O e6 8. Nc3
Qb6 9. e4 Be7 10. Be3 O-O 11. d5 c5 12. b3 exd5 13. exd5 Bd6 14. Ng4 Nxg4 15.
Qxg4 cxb3 16. axb3 Be5 17. Rac1 Na6 18. Rfd1 Rad8 19. Be4 g6 20. Qg5 Bd4 21.
Ne2 Bxe3 22. Qxe3 Rfe8 23. Qf3 Nb4 24. Nf4 Re5 25. h4 f5 26. Ne6 Rxe4 27. Nxd8
Qxd8 28. Rxc5 Bxd5 29. Rcxd5 Nxd5 30. Qd3 Qa8 31. Qxd5+ Qxd5 32. Rxd5 Rb4 33.
Rd8+ Kf7 34. Rd7+ Ke6 35. Rxa7 Rxb3 36. Rxh7 Rb1+ 37. Kg2 b4 38. Rh6 Kf7 39. h5
gxh5 40. Rxh5 1/2-1/2

[Event "4NCL Division 2b"]
[Site "Telford, ENG"]
[Date "2017.11.12"]
[Round "2.73"]
[White "Verma, Aditya"]
[Black "Brooks, Phil J"]
[Result "1/2-1/2"]
[WhiteElo "2069"]
[BlackElo "2205"]
[PlyCount "70"]
[EventDate "2017.11.12"]
[WhiteTeam "KJCA Kings"]
[BlackTeam "Warwickshire Select 1"]

1. e4 e6 2. d4 d5 3. Nc3 Bb4 4. e5 Ne7 5. Bd2 b6 6. f4 Nf5 7. Nf3 Bxc3 8. bxc3
Ba6 9. Bxa6 Nxa6 10. Qe2 Nb8 11. O-O h5 12. c4 Nc6 13. c3 Na5 14. cxd5 Qxd5 15.
Rfb1 Nc4 16. Rb4 b5 17. a4 c6 18. axb5 cxb5 19. Rab1 a6 20. Bc1 Rc8 21. Ng5 Ke7
22. Ne4 Rh6 23. Kh1 h4 24. Kg1 Rg6 25. Ng5 Rh8 26. Rxc4 bxc4 27. Ba3+ Kd7 28.
Qc2 Rc8 29. Nxf7 Rg4 30. Nd6 Ne3 31. Qa4+ Rc6 32. Rb7+ Kd8 33. Rb8+ Kd7 34.
Rb7+ Kd8 35. Rb8+ Kd7 1/2-1/2